Open Data Biblioteca Nacional de Portugal


República Portuguesa: Ministério da Cultura
Biblioteca Nacional de Portugal

Catálogo da BNP: acesso por Identificadores Unívocos
Registos Bibliográficos associados ao registo de autoridade

Etiqueta de registo: 01190cam 2200313 450
001 849665
003 http://id.bnportugal.gov.pt/bib/catbnp/849665
005 19990126000000.0
095 ## $aPTBN00604027
100 ## $a19940530d1881 k y0pory0103 ba
101 0# $apor$aspa
102 ## $aPT
105 ## $ay z 000yy
106 ## $ar
200 1# $aEncomio a Camões, n'uma poesia hispanhola de D. José Lopez de la Vega em 1855$fantecedido d'um preambulo do professor bracarense Pereira-Caldas
210 #9 $aBraga$cTypographia Lealdade,$d1881
215 ## $a21, [1] p.$d24 cm
305 ## $aEd. de 150 exemplares (50 em papel de cor, 100 em papel seleto) numerados e timbrados, não venal
307 ## $aImpresso em papel de cor verde
316 ## $aExemplar em papel de cor, n.º 42$5PTBN: CAM. 123//2 V.
316 ## $aExemplar em papel seleto, n.º 39$5PTBN: CAM. 385//2 V.
518 1# $aEncómio a Camões, numa poesia espanhola de Dom José Lopez de la Vega em 1855
620 ## $dBraga
700 #1 $aLopez de la Vega,$bJosé,$f1830-1888$3130996
702 #1 $aCaldas,$bJosé Joaquim da Silva Pereira,$f1818-1903$4080$319554
801 #0 $aPT$bBN$gRPC
856 40 $uhttps://purl.pt/37299
856 41 $uhttps://purl.pt/37299/service/media/cover/low
856 49 $uhttps://purl.pt/37299/service/media/pdf$qapplication/pdf
958 ## $aBND$bLivre$cDigitalizado$d1$ehttps://purl.pt/37299/service/media/cover/max
966 ## $lBN$mRESIMP$sCAM. 123//2 V.
966 ## $lBN$mRESIMP$sCAM. 385//2 V.
966 ## $lBN$mRESIMP$sCAM. 385//3 V.
976 ## $d20260527$rpmesqui

OpendataBNP@bnportugal.pt | Mais informação sobre acesso aos dados BNP